Capital growth slows (Record no. 70914)

MARC details
000 -LEADER
fixed length control field 00922cam a2200217 4500
001 - CONTROL NUMBER
control field WB3829-03
008 - FIXED-LENGTH DATA ELEMENTS--GENERAL INFORMATION
fixed length control field 020806n2002 000 0 eng u
035 ## - SYSTEM CONTROL NUMBER
System control number (Sirsi) u119233
245 ## - TITLE STATEMENT
Title Capital growth slows
260 ## - PUBLICATION, DISTRIBUTION, ETC.
Date of publication, distribution, etc. 2002
490 ## - SERIES STATEMENT
Series statement Estates Gazette
Volume/sequential designation (0231) 3 August 2002, 27(1)
520 ## - SUMMARY, ETC.
Summary, etc. According to Jones Lang LaSalle's latest research, capital growth, which has driven the UK's property performance, is going to slow down. JLL's quarterly property index for Q2 shows an all-property return of 4%. Equity returns fell 11% over the quarter to June while capital growth of 2.2% was the driver of returns said JLL. Rental growth was a marginal 0.2%. http://www.joneslanglasalle.com
590 ## - LOCAL NOTE (RLIN)
Local note WB
650 ## - SUBJECT ADDED ENTRY--TOPICAL TERM
Topical term or geographic name entry element CAPITAL GROWTH
650 ## - SUBJECT ADDED ENTRY--TOPICAL TERM
Topical term or geographic name entry element PROPERTY PERFORMANCE
650 ## - SUBJECT ADDED ENTRY--TOPICAL TERM
Topical term or geographic name entry element SLOWDOWN
650 ## - SUBJECT ADDED ENTRY--TOPICAL TERM
Topical term or geographic name entry element EQUITY MARKET
650 ## - SUBJECT ADDED ENTRY--TOPICAL TERM
Topical term or geographic name entry element INVESTMENT
690 ## - LOCAL SUBJECT ADDED ENTRY--TOPICAL TERM (OCLC, RLIN)
Topical term or geographic name as entry element PROPERTY-COMMERCIAL PROPERTY
942 ## - ADDED ENTRY ELEMENTS (KOHA)
Suppress in OPAC 0
Holdings
Withdrawn status Lost status Source of classification or shelving scheme Damaged status Not for loan Home library Current library Shelving location Date acquired Total Checkouts Full call number Barcode Date last seen Copy number Price effective from Koha item type
    Dewey Decimal Classification     London London News article 06/08/2002   WB3829-03 119233-1001 06/08/2019 1 06/08/2019 News article